Artpress/ (Record no. 3345)
[ view plain ]
| 000 -LEADER | |
|---|---|
| campo de control de longitud fija | 01781nam a22004577a 4500 |
| 003 - IDENTIFICADOR DE NÚMERO DE CONTROL | |
| campo de control | OSt |
| 005 - FECHA Y HORA DE LA ÚLTIMA TRANSACCIÓN | |
| campo de control | 20230412154418.0 |
| 008 - DATOS DE LONGITUD FIJA--INFORMACIÓN GENERAL | |
| campo de control de longitud fija | 221006b |||||||| |||| 00| 0 eng d |
| 040 ## - FUENTE DE CATALOGACIÓN | |
| Centro/agencia transcriptor | Biblioteca Lado V |
| 082 ## - NÚMERO DE LA CLASIFICACIÓN DECIMAL DEWEY | |
| Número de clasificación | 700 |
| Número de ítem | K41a |
| 100 ## - ENTRADA PRINCIPAL--NOMBRE DE PERSONA | |
| 9 (RLIN) | 797 |
| Nombre de persona | Kerraoul, Jean Pierre de |
| Término indicativo de función/relación | editor |
| -- | director |
| 245 ## - MENCIÓN DEL TÍTULO | |
| Título | Artpress/ |
| Resto del título | Dossier photo/ |
| 260 ## - PUBLICACIÓN, DISTRIBUCIÓN, ETC. | |
| Nombre del editor, distribuidor, etc. | Court Gallerie |
| Fecha de publicación, distribución, etc. | 1997 |
| Lugar de publicación, distribución, etc. | Paris |
| 300 ## - DESCRIPCIÓN FÍSICA | |
| Dimensiones | 21x28cm |
| Extensión | 82p. |
| 366 ## - INFORMACIÓN SOBRE DISPONIBILIDAD COMERCIAL | |
| Nota | eng |
| 490 ## - MENCIÓN DE SERIE | |
| Designación de volumen o secuencia | 97 |
| -- | 1997 |
| Número Internacional Normalizado para Publicaciones Seriadas | 0004 3273 |
| Mención de serie | 229 |
| 505 ## - NOTA DE CONTENIDO CON FORMATO | |
| Título | les ventes |
| 505 ## - NOTA DE CONTENIDO CON FORMATO | |
| Título | exporama |
| 505 ## - NOTA DE CONTENIDO CON FORMATO | |
| Título | Sarajevo , Ars Aevles theatres cruels de Tony Oursler |
| 505 ## - NOTA DE CONTENIDO CON FORMATO | |
| Título | dossier photographie, collections d'entreprise |
| 505 ## - NOTA DE CONTENIDO CON FORMATO | |
| Título | DG-Bank, Francfort la photographie vue gratte-ciel |
| 505 ## - NOTA DE CONTENIDO CON FORMATO | |
| Título | Reader's digest, des images pour la fraternite |
| 505 ## - NOTA DE CONTENIDO CON FORMATO | |
| Título | Lhoist, une collection a usage interne |
| 505 ## - NOTA DE CONTENIDO CON FORMATO | |
| Título | Caisse des depots et consignations, faciliter, resister |
| 505 ## - NOTA DE CONTENIDO CON FORMATO | |
| Título | Jody Zellen perdre l'habitude |
| 505 ## - NOTA DE CONTENIDO CON FORMATO | |
| Título | la photographie entre idealisme postmoderne et exces de realite |
| 505 ## - NOTA DE CONTENIDO CON FORMATO | |
| Título | le flou de Gerhard Richter |
| 505 ## - NOTA DE CONTENIDO CON FORMATO | |
| Título | Edourd Glissant l'oeuvre-mangrove |
| 505 ## - NOTA DE CONTENIDO CON FORMATO | |
| Título | les expositions/Reviews |
| 505 ## - NOTA DE CONTENIDO CON FORMATO | |
| Título | le mot-cle/Keywords |
| 650 ## - PUNTO DE ACCESO ADICIONAL DE MATERIA--TÉRMINO DE MATERIA | |
| Fuente del encabezamiento o término | Tesauro de Arte & Arquitectura |
| Término de materia o nombre geográfico como elemento de entrada | ARTE |
| 9 (RLIN) | 703 |
| 650 ## - PUNTO DE ACCESO ADICIONAL DE MATERIA--TÉRMINO DE MATERIA | |
| Fuente del encabezamiento o término | Tesauro de Arte & Arquitectura |
| Término de materia o nombre geográfico como elemento de entrada | EXPOSICIONES |
| 650 ## - PUNTO DE ACCESO ADICIONAL DE MATERIA--TÉRMINO DE MATERIA | |
| Fuente del encabezamiento o término | Tesauro de Arte & Arquitectura |
| Término de materia o nombre geográfico como elemento de entrada | BIENAL |
| 650 ## - PUNTO DE ACCESO ADICIONAL DE MATERIA--TÉRMINO DE MATERIA | |
| Fuente del encabezamiento o término | Tesauro de Arte & Arquitectura |
| Término de materia o nombre geográfico como elemento de entrada | APRECIACION |
| 650 ## - PUNTO DE ACCESO ADICIONAL DE MATERIA--TÉRMINO DE MATERIA | |
| Fuente del encabezamiento o término | Tesauro de Arte & Arquitectura |
| Término de materia o nombre geográfico como elemento de entrada | TEORIA |
| 650 ## - PUNTO DE ACCESO ADICIONAL DE MATERIA--TÉRMINO DE MATERIA | |
| Fuente del encabezamiento o término | Tesauro de Arte & Arquitectura |
| Término de materia o nombre geográfico como elemento de entrada | CRITICA |
| 650 ## - PUNTO DE ACCESO ADICIONAL DE MATERIA--TÉRMINO DE MATERIA | |
| Fuente del encabezamiento o término | Tesauro de Arte & Arquitectura |
| Término de materia o nombre geográfico como elemento de entrada | FOTOGRAFIA |
| 9 (RLIN) | 702 |
| 650 ## - PUNTO DE ACCESO ADICIONAL DE MATERIA--TÉRMINO DE MATERIA | |
| Fuente del encabezamiento o término | Tesauro de Arte & Arquitectura |
| Término de materia o nombre geográfico como elemento de entrada | LITERATURA |
| 650 ## - PUNTO DE ACCESO ADICIONAL DE MATERIA--TÉRMINO DE MATERIA | |
| Fuente del encabezamiento o término | Tesauro de Arte & Arquitectura |
| Término de materia o nombre geográfico como elemento de entrada | PARIS |
| 942 ## - ELEMENTOS DE ENTRADA SECUNDARIOS (KOHA) | |
| Fuente del sistema de clasificación o colocación | Clasificación Decimal Dewey |
| Tipo de ítem Koha | Libros |
| Parte de la signatura que corresponde a la clasificación (Parte de la clasificación) | 700 |
| Parte de la signatura que identifica el ejemplar (Parte del ítem) | K41a |
| Suprimir en OPAC | No |
No items available.
